[Event "Mallorca La Goleta U2200"]
[Site "Palma de Mallorca"]
[Date "2012.08.25"]
[Round "7"]
[White "Ponce Leon, Francisco"]
[Black "Rodriguez Bennassar, Miquel A"]
[Result "1/2-1/2"]
[WhiteElo "1447"]
[BlackElo "1464"]
[PlyCount "115"]
[EventDate "2012.08.10"]
[EventType "swiss"]
[EventRounds "7"]
[EventCountry "ESP"]
[SourceTitle "EXT 2014"]
[Source "ChessBase"]
[SourceDate "2013.11.20"]
[SourceVersion "1"]
[SourceVersionDate "2013.11.20"]
[SourceQuality "1"]

1. e4 e6 2. Nf3 d5 3. Nc3 Nf6 4. d3 c5 5. e5 Nfd7 6. d4 Nc6 7. Be3 Qb6 8. Rb1 cxd4 9. Bxd4 Nxd4 10. Qxd4 Qxd4 11. Nxd4 Nxe5 12. Ncb5 Bb4+ 13. c3 Ba5 14. b4 Bb6 15. a4 a5 16. Nd6+ Ke7 17. Nxc8+ Rhxc8 18. bxa5 Bxa5 19. Rxb7+ Kf8 20. Nb5 Bxc3+ 21. Nxc3 Rxc3 22. Kd2 Ra3 23. Bb5 Nc4+ 24. Ke2 Nd6 25. Rb6 Ra2+ 26. Kf3 Nxb5 27. axb5 R8a3+ 28. Kg4 Rxf2 29. g3 Rb3 30. Kh3 Rfb2 31. Rf1 Rxb5 32. Rxe6 Rb6 33. Rxb6 Rxb6 34. Rd1 Rd6 35. Kg4 g6 36. Kg5 Kg7 37. Rd4 f6+ 38. Kf4 h5 39. h4 Kh6 40. Kf3 g5 41. Kg2 g4 42. Kf2 Kg6 43. Ke3 Kf5 44. Rf4+ Ke5 45. Rd4 Ra6 46. Rf4 Ra3+ 47. Kf2 Rf3+ 48. Rxf3 gxf3 49. Kxf3 f5 50. Ke3 d4+ 51. Kd3 f4 52. gxf4+ Kxf4 53. Kxd4 Kg4 54. Ke3 Kg3 55. Ke2 Kxh4 56. Kf2 Kh3 57. Kg1 h4 58. Kh1 1/2-1/2